Normal view MARC view
  • Calculation of variation with applications

Entry Topical Term

Number of records used in: 1

001 - CONTROL NUMBER

  • control field: 125668

003 - CONTROL NUMBER IDENTIFIER

  • control field: NUST

005 - DATE AND TIME OF LATEST TRANSACTION

  • control field: 20240904142253.0

008 - FIXED-LENGTH DATA ELEMENTS

  • fixed length control field: 240904|| aca||aabn | a|a d

040 ## - CATALOGING SOURCE

  • Original cataloging agency: NUST
  • Transcribing agency: NUST

150 ## - HEADING--TOPICAL TERM

  • Topical term or geographic name entry element: Calculation of variation with applications

670 ## - SOURCE DATA FOUND

  • Source citation: Work cat.: (NUST): A.S Gupta 125667, Calculation of variation with applications , 1997.
© 2023 Central Library, National University of Sciences and Technology. All Rights Reserved.